|
|
|
|
| LEADER |
01167nam a22002897a 4500 |
| 001 |
41003 |
| 003 |
BD-DhAAL |
| 005 |
20230322133407.0 |
| 008 |
230322t2003 nyua|||| b||| 001 0 eng d |
| 020 |
|
|
|a 0821354086
|
| 040 |
|
|
|a BD-DhAAL
|d BD-DhAAL
|
| 082 |
|
|
|a 382.92
|
| 245 |
|
|
|a Domestic regulation and service trade liberalization /
|c Aaditya Mattoo and Pierre Sauve, editors.
|
| 260 |
|
|
|a Washington, DC : World Bank ;
|b Oxford University Press,
|c c2003.
|
| 300 |
|
|
|a vi, 236 pages :
|b illustrations ;
|c 27 cm.
|
| 504 |
|
|
|a Includes bibliographical references and index.
|
| 541 |
|
|
|a Akbar Ali Khan Collection
|e 41003
|
| 610 |
|
|
|a World Trade Organization.
|9 9515
|
| 650 |
|
|
|a Service industries
|x Government policy.
|9 53408
|
| 650 |
|
|
|a International trade.
|
| 650 |
|
|
|a Free trade.
|
| 700 |
|
|
|a Mattoo, Aaditya.
|9 53409
|
| 700 |
|
|
|a Sauve, Pierre,
|9 53915
|
| 852 |
|
|
|a Ayesha Abed Library
|c Akbar Ali Khan Collection
|
| 942 |
|
|
|2 ddc
|c BK
|
| 999 |
|
|
|c 45616
|d 45616
|
| 952 |
|
|
|0 0
|1 0
|2 ddc
|4 0
|6 382_920000000000000_DOM
|7 1
|9 73442
|a BRACUL
|b BRACUL
|c AAKC
|d 2023-03-22
|e Donated by Akbar Ali Khan
|g 5526.23
|l 0
|o 382.92 DOM
|p 3010041003
|r 2023-03-22
|t 1
|w 2023-03-22
|y BK
|x £47.99
|